| 000 | 00417nam a2200145Ia 4500 | ||
|---|---|---|---|
| 008 | 230917s9999||||xx |||||||||||||| ||und|| | ||
| 040 |
_e204946 _aMAIN |
||
| 041 | _aEnglish | ||
| 082 | _a370 D137S | ||
| 100 | _aDahiya , Neetu | ||
| 245 | 0 | _aStudy of adjustment of secondary school teachers in relation to their job stress job involvement and job satisfaction | |
| 260 | _c2011 | ||
| 300 | _a201 p. | ||
| 942 | _cTH | ||
| 999 |
_c125651 _d125651 |
||